00539nam a2200181 a 450000100060000000300090000600800410001502000150005604000280007108200180009910000220011724500640013926000630020330000110026665000330027765000110031065000360032117059CO-ViMGA141112s2004 ck r 000 u spa d a9586555186 aCO-ViMGAbspacCO-ViMGA04a384.558 M657p1 aMontoya G, Saúl10aLa producción de videos , procesos y modos de expresión aMedellín (Antioquia), cUniversidad de Antioquia, c2001 a362.p.14aCINTAS DE VIDEO - PRODUCCION14aVIDEOS14aVIDEOS - PRODUCCION Y DIRECCION